Ako blesk z jasného neba

Bibliographic Details
Main Author: Dailey, Janet, 1944-2013 (Author)
Other Authors: Klevisová, Michaela, 1976- (Translator), Horská, V. (Translator)
Format: Book
Language:Slovak
English
PhysicalDescription:149 s. 19 cm
Published: Martin Wist 2001
ISBN:8080492425
Series:Love story
Subjects:

MARC

LEADER 00000cam a2200000 a 4500
001 vtls001417629
003 SK-MaSNL
005 20260301012704.0
008 251029s2001 xo gr 000 f slo
015 |a SNBA2001/11-03642 
020 |a 8080492425  |c 52,00 Sk 
035 |a SNK000372414 
035 |a urn:nbn:sk:snk-amjd1y 
035 |a urn:nbn:sk:snk-am002mca 
035 |a 22A04519-5D5E-427C-AFE1-62BAB804DFA1 
040 |a SNK  |b slo  |c SNK  |e AACR2 
041 1 |a slo  |h eng 
044 |a xo  |c SK 
080 |a 820 (73)-3  |2 1981 
100 1 |a Dailey, Janet,  |d 1944-2013  |4 aut  |9 203187 
240 1 0 |a Giant of Mesabi  |l Slovensky 
245 1 0 |a Ako blesk z jasného neba  |c Janet Dailey ; [preložili M. Klevisová, V. Horská] 
260 |a Martin  |b Wist  |c 2001 
300 |a 149 s.  |c 19 cm 
490 1 |a Love story  |v 179 
500 |a Údaj o prekl. prevzatý z rubu tit. strany 
655 7 |a romány ľúbostné americké  |2 SNK  |9 295015 
700 1 |a Klevisová, Michaela,  |d 1976-  |4 trl  |9 227712 
700 1 |a Horská, V.  |4 trl  |9 44330 
830 0 |a Love story  |9 276554 
919 |a 80-8049-242-5 
958 |a TL 
958 |a UP 
958 |a LX 
958 |a NS 
999 |c 554152  |d 556082 
952 |t P60, <03>, [BOOK], {603}  |a SNK  |b SNK  |y PREZ  |7 0  |p 17A0308844  |o snkSD 71687  |i snkKSP 8965/2001  |0 0  |1 0  |4 0  |d 2001-07-31  |l 0  |r 2005-01-02 00:00:00  |w 2026-02-23 
952 |t P60, <04>, [BOOK], {604}  |a SNK  |b SNK  |y VYP  |7 0  |p 17A0308845  |o snkSD 71687 D1  |i snkKSP 8966/2001  |0 0  |1 0  |4 0  |d 2001-07-31  |f 1  |l 0  |r 2005-01-02 00:00:00  |w 2026-02-23